000 00750nam a2200265 i 4500
003 DO-SdBNP
005 20250813082155.0
007 ta
008 250813s2024 dr 000 0 spa d
020 _a9789945800845
040 _aDO-SdBNP
_bspa
_cBNPHU
_erda
041 _asp
082 _axxx
_bT683ve
_222
100 1 _aToribio, Andrés
_d1950-
_952164
245 1 0 _aVerdes pasos hacia la luz /
_cAndrés Toribio
250 _aPrimera edición
264 1 _aSanto Domingo :
_bEdiciones Flor de Tierra,
_c©2024
300 _a246 páginas
_c23 cm.
336 _2rdacontent
_atexto
_btxt
337 _2rdamedia
_asin mediación
_bn
338 _2rdacarrier
_avolumen
_bnc
590 _aInventariado, 2025/DG
910 _aDG
942 _2ddc
_cLBS1
999 _c59781
_d59781